hotel

Uložené v:
Podrobná bibliografia
Hlavný autor: Szabó, Jazmína (Autor)
Ďalší autori: Húsenicová, Jarmila (Vedúci práce)
Médium: Rukopis Kniha
Jazyk:Slovak
Vydavateľské údaje: 2024
Predmet:
On-line prístup:http://is.stuba.sk/zp/portal_zp.pl?podrobnosti=181784
https://opac.crzp.sk/?fn=detailBiblioForm&sid=9A7D98113A4E7D6F03AF70A0EB46
Tagy: Pridať tag
Žiadne tagy, Buďte prvý, kto otaguje tento záznam!

MARC

LEADER 00000ntm a22000003a 4500
001 stuzp100088
003 SK-STU
005 20240927115758.6
007 ta
008 150427s2015----xo-----f-mn---000-0-slo-d
040 |a STU  |b slo 
041 0 |a slo 
100 1 |a Szabó, Jazmína  |u 010310  |4 aut  |U SvF Stavebná fakulta  |T SvF Katedra architektúry  |X 93193  |U V181|V310  |Y 19  |7 93193 
242 0 1 |a Hotel  |y eng 
245 1 0 |a hotel 
260 |c 2024 
650 4 |a hotel  |2 slo 
650 4 |a rekreácia  |2 slo 
650 4 |a Malý Dunaj  |2 slo 
650 4 |a záplavové územie  |2 slo 
650 4 |a Small Danube  |2 eng 
650 4 |a hotel  |2 eng 
650 4 |a recreation  |2 eng 
650 4 |a flood zone  |2 eng 
700 1 |a Húsenicová, Jarmila  |4 ths  |X 901  |7 A000000901 
856 4 |u http://is.stuba.sk/zp/portal_zp.pl?podrobnosti=181784 
856 4 |u https://opac.crzp.sk/?fn=detailBiblioForm&sid=9A7D98113A4E7D6F03AF70A0EB46